| 000 | 01253nam a22002057a 4500 | ||
|---|---|---|---|
| 003 | NALT | ||
| 005 | 20251126103433.0 | ||
| 008 | s2553 th tha d | ||
| 040 | _a์NALT | ||
| 041 | _atha | ||
| 090 |
_aKD 105 _bส226พ 2553 |
||
| 110 | 2 |
_aสำนักงานเลขาธิการสภาผู้แทนราษฎร. _bสำนักประชาสัมพันธ์ _92399 |
|
| 245 | 1 | 0 |
_aพระราชบัญญัติประกอบรัฐธรรมนูญ เล่ม 2 / _cสำนักประชาสัมพันธ์ สำนักงานเลขาธิการสภาผู้แทนราษฎร. |
| 260 |
_aกรุงเทพฯ : _bองค์การสงเคราะห์ทหารผ่านศึก ในพระบรมราชูปถัมภ์, _c2553. |
||
| 300 |
_a71 หน้า ; _b _c21 ซม |
||
| 650 | 0 | 4 | _aการออกเสียงประชามติ (พ.ร.บ.ประกอบรัฐธรรมนูญ) -- 2552 |
| 650 | 0 | 4 | _aผู้ตรวจการแผ่นดิน (พ.ร.บ.ประกอบรัฐธรรมนูญ) -- 2552 |
| 850 | _aNALT | ||
| 942 |
_cLB _2local |
||
| 999 |
_c61158 _d61158 |
||
| 998 |
_j104 _k นางสาวสายฝน ดีงาม |
||